Le lac - Julien Doré : Paroles - Statistiques

Statistiques générales
  • Ce quiz a été pris 22 fois
  • Le résultat moyen est 131 sur 187
Statistiques - réponses
Paroles % Correct
bords
95%
du
95%
et
95%
la
95%
lac
95%
le
95%
les
95%
qui
95%
ton
95%
de
89%
mon
89%
que
89%
sur
89%
coeur
84%
corps
84%
se
84%
amoureux
79%
l'ombre
79%
me
74%
moi
74%
respire
74%
t'aimer
74%
mes
68%
nous
68%
ne
63%
pourvu
63%
regardent
63%
te
63%
au
58%
contre
58%
pire
58%
si
58%
ciel
53%
dessine
53%
hommes
53%
j'ai
53%
je
53%
est
47%
fort
47%
tu
47%
cils
42%
mort
42%
42%
rien
42%
d'oublier
37%
écorché
37%
encore
37%
forêt
37%
miroir
37%
promets
37%
reflète
37%
tord
37%
demain
32%
regrettes
32%
anges
26%
cime
26%
courageux
26%
facile
26%
l'horizon
26%
Madone
26%
Nord
26%
pente
26%
font
21%
l'or
21%
prendre
21%
racine
21%
rivière
21%
soupire
21%
trompé
21%
vacillent
21%
reviendrai
16%
sers
16%
surprendre
16%
Aucun quiz correspondant
Distribution des résultats
% des personnes avec chaque résultat
Percentile par nombre de réponses
Votre historique - résultats
Vous n’avez pas pris ce quiz